Australian City Skylines Quiz - Statistics

General Stats
  • This quiz has been taken 526 times
  • The average score is 7 of 8
Answer Stats
Picture Answer % Correct
Sydney
98%
Canberra
95%
Perth
95%
Brisbane
91%
Gold Coast
91%
Adelaide
90%
Melbourne
88%
Hobart
82%
No matching quizzes found
Score Distribution
Percent of People with Each Score
Percentile by Number Answered
Your Score History
You have not taken this quiz